DROGAS, POSTMODERNIDAD Y REDES SOCIALES /

INCLUYE BIBLIOGRAFIA

Salvato in:
Dettagli Bibliografici
Autore principale: Yaria, Juan Alberto (autor)
Natura: Libro
Serie:TEMAS ACTUALES
Soggetti:
Tags: Aggiungi Tag
Nessun Tag, puoi essere il primo ad aggiungerne!!

MARC

LEADER 00000nam^a2200000^a^4500
001 000245954
005 20250521000000.0
009 20260310105521.563
035 |a 069915 
037 |a Acervo Xavier Clavigero 
082 |a 362. 293  |b YAR 
100 |a Yaria, Juan Alberto  |e (autor) 
245 1 0 |a DROGAS, POSTMODERNIDAD Y REDES SOCIALES /  |c JUAN ALBERTO YARIA 
264 |a BUENOS AIRES :  |b LUMEN,  |c 1999 
300 |a 182 p. 
336 |a texto  |b txt  |2 rdacontenido 
337 |a sin mediación  |b n  |2 rdamedio 
338 |a volumen  |b nc  |2 rdasoporte 
440 |a TEMAS ACTUALES 
520 |a INCLUYE BIBLIOGRAFIA 
649 |a XX 
650 |a Drogas 
650 |a Drogadicción 
910 |a Fondo General 
920 |a Impresos - Libros 
930 |a Colección General 
905 |a 101 
901 |a 069915  |b IT1  |c ACC  |i 069915  |u 20250521 
902 |a https://opac.biblio.iteso.mx/vufind/Record/000245954